000 00441nam a22001697a 4500
005 20230118101419.0
008 200318b xxu||||| |||| 00| 0 eng d
020 _a9788123915845
041 _aeng
082 _a615.19
100 _aCHATTEN, LESLIE G
245 _aPHARMACEUTICAL CHEMISTRY : INSTRUMENTAL TECHNOQUES(VOL-II )
260 _aNEW DELHI
_bCBS
_c2008
300 _a773;XIVp
650 _aPHARMACY
_xB.PHARMA
_97083
942 _cBK
999 _c6153
_d6151